Normal view
MARC view
- مصر الاسلامية
Entry Topical Term
001 - CONTROL NUMBER
- control field: 61875
003 - CONTROL NUMBER IDENTIFIER
- control field: JO-AjAnu
005 - DATE AND TIME OF LATEST TRANSACTION
- control field: 20230606084116.0
008 - FIXED-LENGTH DATA ELEMENTS
- fixed length control field: 230606|| aca||aabn | a|a d
040 ## - CATALOGING SOURCE
- Original cataloging agency: JO-AjAnu
- Transcribing agency: JO-AjAnu
150 ## - HEADING--TOPICAL TERM
- Topical term or geographic name entry element: مصر الاسلامية
670 ## - SOURCE DATA FOUND
- Source citation: Work cat.: (JO-AjAnu)31558: القلا، ابراهيم علي السيد, author 61874, تاريخ مصر الاسلامية وجوانب من حضارتها منذ الفتح الاسلامي حتى نهاية العصر الفاطمي(20-567هـ /640-1171م)